Η μετάγνωση στα μαθηματικά : μύθοι, πραγματικότητες, διδακτικές εμφάσεις

Αποθηκεύτηκε σε:
Λεπτομέρειες βιβλιογραφικής εγγραφής
Κύριος συγγραφέας: Παναούρα, Αρετή
Μορφή: Βιβλίο
Γλώσσα:Greek
Δημοσίευση: [Αθήνα] : Δίσιγμα, c2019.
Θέματα:
Ετικέτες: Προσθήκη ετικέτας
Δεν υπάρχουν, Καταχωρήστε ετικέτα πρώτοι!

MARC

LEADER 00000nam a2200000 a 4500
001 1/125945
008 230120s2019####gr | ||| |||| ||gre||
020 |a 9786185242510 
040 |a GR-MyUa  |b gre  |c GR-MyUa  |e AACR2 
041 0 |a gre 
082 7 |a 372.7   |2 (23) 
100 1 |a Παναούρα, Αρετή. 
245 1 2 |a Η μετάγνωση στα μαθηματικά :   |b μύθοι, πραγματικότητες, διδακτικές εμφάσεις /   |c Παναούρα Ρίτα. 
260 |a [Αθήνα] :   |b Δίσιγμα,   |c c2019. 
300 |a 120 σ. :   |b σχήμ., πίν. ;   |c 24 εκ.  
504 |a Βιβλιογραφία : σ. 109-120. 
650 0 |a Mathematics  |x Study and teaching. 
650 0 |a Study skills 
650 0 |a Metacognition 
650 0 |a Learning  |x Mathematical aspects. 
650 0 |a Cognition  |x Mathematical models. 
650 0 |a Self-culture 
852 |a INST  |b RHODES  |c EUDOXUS  |e 20230120  |h 372.7 ΠΑΝ  |p 005400043326  |q 005400043326  |t EDX  |y 0 
920 |a Εύδοξος  |b Παραγγελία  |y Ρόδος-ΤΕΠΑΕΣ  |z 2022-12 
970 |z 20-01-2023